header

Romantic modernism (Record no. 32335)

MARC details
000 -LEADER
fixed length control field 01384nam a2200325Ia 4500
100 1# - MAIN ENTRY--AUTHOR NAME
Personal name Denslagen, W. F.
245 10 - TITLE STATEMENT
Title Romantic modernism
260 ## - PUBLICATION, DISTRIBUTION, ETC. (IMPRINT)
Place of publication Amsterdam :
Name of publisher Amsterdam University Press,
Year of publication c2009.
300 ## - PHYSICAL DESCRIPTION
Number of Pages 261 p. :
Other physical details ill.
650 #0 - SUBJECT ADDED ENTRY--TOPICAL TERM
Topical Term Architecture
Topical Term Architecture
Topical Term Architecture, Modern
856 40 - ELECTRONIC LOCATION AND ACCESS
Uniform Resource Identifier http://site.ebrary.com/lib/rucke/Doc?id=10346690

No items available.

© 2026 Rongo University
Contact us: librarian | system librarian | Rongo university